Creación del departamento de asistencia para la reinserción de ex-internos a la sociedad en el Ministerio del Interior bajo la dirección general de Centros Penales y de readaptación. (Registro nro. 10342)

Detalles MARC
000 -LEADER
fixed length control field 00801nam a2200205Ia 4500
005 - FECHA Y HORA DE LA ÚLTIMA TRANSACCIÓN
control field 20240115094342.0
008 - FIXED-LENGTH DATA ELEMENTS--GENERAL INFORMATION
fixed length control field 240113s9999 xx 000 0 und d
040 ## - CATALOGING SOURCE
Original cataloging agency UPAN
Transcribing agency Biblioteca San Vicente
Description conventions RCAA2
041 ## - LANGUAGE CODE
Language code of text/sound track or separate title spa
082 ## - DEWEY DECIMAL CLASSIFICATION NUMBER
Classification number 345.05
Item number Maj
año de publicación 2000
100 ## - MAIN ENTRY--PERSONAL NAME
Personal name Majano, Maritza Elizabeth
Relator code aut.
245 #0 - TITLE STATEMENT
Title Creación del departamento de asistencia para la reinserción de ex-internos a la sociedad en el Ministerio del Interior bajo la dirección general de Centros Penales y de readaptación.
260 ## - PUBLICATION, DISTRIBUTION, ETC. (IMPRINT)
Place of publication, distribution, etc San Salvador:
Name of publisher, distributor, etc Universidad Panamericana,
Date of publication, distribution, etc 2000
300 ## - PHYSICAL DESCRIPTION
Extent 164 p.;
Dimensions 28 cm.
650 ## - SUBJECT ADDED ENTRY--TOPICAL TERM
Source of heading or term LEMB
Topical term or geographic name as entry element Reclusos
General subdivision Reinserción
700 ## - ADDED ENTRY--PERSONAL NAME
Personal name Escobar, José Salvador
Relator code aut.
700 ## - ADDED ENTRY--PERSONAL NAME
Personal name Flores, Juventino
Relator code aut.
700 ## - ADDED ENTRY--PERSONAL NAME
Personal name Fuentes Solis, Jose Fidel
Relator code aut.
942 ## - ADDED ENTRY ELEMENTS (KOHA)
Koha item type Libros
Source of classification or shelving scheme Dewey Decimal Classification
Existencias
Withdrawn status Lost status Source of classification or shelving scheme Damaged status Not for loan Collection code Home library Current library Date acquired Total Checkouts Full call number Barcode Date last seen Copy number Price effective from Koha item type
    Dewey Decimal Classification     Tesario Biblioteca UPAN San Vicente Biblioteca UPAN San Vicente 13/01/2024   345.05 Maj 12100126 13/01/2024 01 13/01/2024 Trabajos de Grado